<?xml version="1.0" encoding="UTF-8"?>
<record
    xmlns:xsi="http://www.w3.org/2001/XMLSchema-instance"
    xsi:schemaLocation="http://www.loc.gov/MARC21/slim http://www.loc.gov/standards/marcxml/schema/MARC21slim.xsd"
    xmlns="http://www.loc.gov/MARC21/slim">

  <leader>01037nam a2200241Ia 4500</leader>
  <controlfield tag="001">IA_It was found that the semi-dry process preserves the coffee's physicochemical and qualitative characteristics, however, there were significant differences between the varieties because of their composition.</controlfield>
  <controlfield tag="002">EFECTO DE TRES FORMAS DE BENEFICIADO EN LAS CATACT</controlfield>
  <controlfield tag="008">220117s    xx            000 0 und d</controlfield>
  <datafield tag="010" ind1=" " ind2=" ">
    <subfield code="a">186029</subfield>
  </datafield>
  <datafield tag="530" ind1=" " ind2=" ">
    <subfield code="a">Disponible en PDF</subfield>
  </datafield>
  <datafield tag="650" ind1=" " ind2=" ">
    <subfield code="a">Coffee beans  </subfield>
    <subfield code="9">156418</subfield>
  </datafield>
  <datafield tag="650" ind1=" " ind2=" ">
    <subfield code="a">Physicochemical properties  </subfield>
    <subfield code="9">147535</subfield>
  </datafield>
  <datafield tag="650" ind1=" " ind2=" ">
    <subfield code="a">Propiedades fisicoqu&#xED;micas  </subfield>
    <subfield code="9">139393</subfield>
  </datafield>
  <datafield tag="650" ind1=" " ind2=" ">
    <subfield code="a">Propiedades sensoriales  </subfield>
    <subfield code="9">155198</subfield>
  </datafield>
  <datafield tag="650" ind1=" " ind2=" ">
    <subfield code="a">Semillas de caf&#xE9;  </subfield>
    <subfield code="9">156419</subfield>
  </datafield>
  <datafield tag="650" ind1=" " ind2=" ">
    <subfield code="a">Sensory properties</subfield>
    <subfield code="9">155199</subfield>
  </datafield>
  <datafield tag="700" ind1=" " ind2=" ">
    <subfield code="a">Esparza Torres, F&#xE9;lix, asesor</subfield>
    <subfield code="9">163648</subfield>
  </datafield>
  <datafield tag="700" ind1=" " ind2=" ">
    <subfield code="a">Partida Sedas, Jos&#xE9; Gervasio, dir. </subfield>
    <subfield code="9">161021</subfield>
  </datafield>
  <datafield tag="700" ind1=" " ind2=" ">
    <subfield code="a">Rivera Salvador, V&#xED;ctor, asesor </subfield>
    <subfield code="9">163737</subfield>
  </datafield>
  <datafield tag="700" ind1=" " ind2=" ">
    <subfield code="a">Rojas Dur&#xE1;n, Lorena Edita, coaut. </subfield>
    <subfield code="9">161022</subfield>
  </datafield>
  <datafield tag="942" ind1=" " ind2=" ">
    <subfield code="c">TESIS A46 2015</subfield>
  </datafield>
  <datafield tag="999" ind1=" " ind2=" ">
    <subfield code="c">186029</subfield>
    <subfield code="d">186029</subfield>
  </datafield>
</record>
